000 00879nas a2200265 4500
001 BR0707385
003 BR-BrBNA
005 20231205111031.0
007 ta
008 230509b bl.|||p| |||| 00| 00por d
040 _aBR-BrBNA
_bpor
_cBiblioteca Nacional de Agricultura
041 _a(Pt)
072 _aH10
100 1 _aSilva, L.D. da
100 1 _aBleicher, E.
100 1 _aOkumura, H.H.
100 1 _aGonçalves, M.E. de C.
245 1 _aCurva de eficiência e estabilidade de piridabem e endosulfan para Bemisis tabaci (Gennadius, 1889)biótipo B (Hemioptera: Aleyrodidae)em um bioensaio
650 _aMOSCA BRANCA
650 _aINSETICIDA
650 _aCONTROLE QUÍMICO
773 0 _tRevista Ciência Agronômica (Brazil)
_xISSN 0045-6888
_g(Jan-Mar 2007), v. 38(1) p. 69-73
_wBR0707385
909 _a202311
_bLúcia
_c55
_dLúcia Elande
942 _2AGRIS
_n0
_cANA
999 _c190272
_d190272